Normal view
MARC view
- Uzma Gulzar
Entry Personal Name
001 - CONTROL NUMBER
- control field: 15534
003 - CONTROL NUMBER IDENTIFIER
- control field: NUST
005 - DATE AND TIME OF LATEST TRANSACTION
- control field: 20190625095927.0
008 - FIXED-LENGTH DATA ELEMENTS
- fixed length control field: 190625|| aca||aabn | a|a d
040 ## - CATALOGING SOURCE
- Original cataloging agency: NUST
- Transcribing agency: NUST
100 ## - HEADING--PERSONAL NAME
- Personal name: Uzma Gulzar
670 ## - SOURCE DATA FOUND
- Source citation: Work cat.: (NUST): Uzma Gulzar, Classification of Blood Vessels as Arteries and Veins for Diagnosis of Hypertensive Retinopathy, 2015.
